El Tamaño sí importa: estado y economía en América Latina /

保存先:
書誌詳細
第一著者: Kahhat Kahhat, Farid
フォーマット: テキスト
主題:
タグ: タグ追加
タグなし, このレコードへの初めてのタグを付けませんか!

MARC

LEADER 00000 a a2200000 04500
001 9650
003
040
100 |a Kahhat Kahhat, Farid  
245 |a El Tamaño sí importa:   |b estado y economía en América Latina /  |c Farid Kahhat Kahhat 
650 |a DEMOCRATIZACION  
650 |a POLITICA ECONOMICA  
650 |a REFORMA ECONOMICA  
650 |a SEGURIDAD  
773 |g volumen 7, número 29; páginas 98-109  
999 |c 26719  |d 26719